000 00415nam a2200145Ia 4500
005 20251222153523.0
008 251222s9999||||xx |||||||||||||| ||spa||
020 _a9786124651205
082 _a343.6/A49/2013/V.III
100 _aAlvarez pedroza, Alejandro
245 0 _aAnĂ¡lisis de la Ley y Reglamento de Contrataciones de Estado
250 _a1 era. ed.
264 _bEDICIONES GUBERNAMENENTALES
942 _cLIB
999 _c29798
_d29798